| 000 | 00705nam a22002172 4500 | ||
|---|---|---|---|
| 001 | 0000001049 | ||
| 005 | 20151217151804.0 | ||
| 008 | 070223s xx 000 0 eng d | ||
| 020 |
_a0768450004 : _cUSD 12.99 |
||
| 040 |
_aKABU _cKABU |
||
| 050 | 0 |
_aBV4501.2 _b.T46 2000 |
|
| 100 | 1 |
_aTenney, T. F. _@0000149557 |
|
| 245 | 1 | 0 |
_aSecret sources of power : _brediscovering biblical power points / _cT. F. Tenney and Tommy Tenney. |
| 260 |
_aShippensburg, PA : _bFresh Bread, _cc2000. |
||
| 300 |
_axix, 134 p. ; _c23 cm. |
||
| 650 | 0 |
_aChristian life. _@0000149167 |
|
| 700 | 1 |
_aTenney, Tommy. _@0000149378 |
|
| 908 | _a070223 | ||
| 950 | _@1 | ||
| 999 |
_c5046 _d5046 |
||